Geography Quiz

Random Geography or State Quiz

Largest US Cities and Towns Ending in 'boro' Quiz Stats

 Plays Quiz not verified by Sporcle

Challenge
Share
Tweet
Embed
Score 0/74 Timer 12:00
0 Plays Today
Population City, town % Correct
282,586Greensboro
96.6%
3,426Greensboro
96.6%
2,402Greensboro
96.6%
72,210Jonesboro
80.5%
4,624Jonesboro
80.5%
4,623Jonesboro
80.5%
6,089Hillsboro
77.8%
120,954Murfreesboro
76.4%
2,880Murfreesboro
76.4%
99,393Hillsboro
74.1%
8,350Hillsboro
74.1%
6,550Hillsboro
74.1%
4,321Hillsboro
74.1%
4,033Hillsboro
74.1%
3,021Hillsboro
74.1%
2,893Hillsboro
74.1%
58,374Owensboro
70.7%
40,671Marlboro
57.5%
43,970Attleboro
40.2%
35,947Goldsboro
39.1%
21,366Waynesboro
37.4%
10,760Waynesboro
37.4%
5,699Waynesboro
37.4%
4,962Waynesboro
37.4%
2,420Waynesboro
37.4%
25,886Asheboro
35.1%
7,414Brattleboro
31.6%
30,367Statesboro
31%
20,984Carrboro
27.6%
11,310Tarboro
25.3%
4,063Pittsboro
24.1%
19,007Glassboro
23%
12,411Lewisboro
22.4%
18,017Springboro
21.8%
3,862Whitesboro
21.8%
3,713Whitesboro
21.8%
2,138Whitesboro
21.8%
Population City, town % Correct
14,748Scottsboro
21.3%
3,556Wilkesboro
21.3%
31,270Willingboro
20.1%
7,811Murphysboro
19.5%
8,304Roxboro
18.4%
23,621Plainsboro
17.2%
6,437Edinboro
16.7%
4,413Jacksboro
16.7%
4,120Millsboro
16.7%
7,693Waterboro
15.5%
2,740West Brattleboro
12.1%
5,992Paulsboro
11.5%
4,242North Wilkesboro
11.5%
7,472Swainsboro
10.9%
13,958Masonboro
10.3%
5,281Walterboro
10.3%
4,785Winnsboro
8.6%
3,384Winnsboro
8.6%
3,314Winnsboro
8.6%
2,623Swedesboro
8%
16,238Streetsboro
7.5%
5,150Birdsboro
6.9%
2,412Boonesboro
6.9%
2,240Gibbsboro
6.9%
7,426Hatboro
6.3%
3,326Wellsboro
6.3%
2,218Pottsboro
6.3%
2,025Willsboro
6.3%
5,620Wadesboro
5.7%
3,074Swansboro
5.7%
4,896Wrightsboro
5.2%
4,340Vassalboro
5.2%
3,449Boonsboro
4%
2,838Wolfeboro
4%
2,826McLeansboro
3.4%
3,252Tollesboro
2.9%
2,387Tuftonboro
2.9%

You're not logged in!

Compare scores with friends on all Sporcle quizzes.
OR
Log In

You Might Also Like...

Show Comments

Extras

Top Quizzes Today


Score Distribution

Your Account Isn't Verified!

In order to create a playlist on Sporcle, you need to verify the email address you used during registration. Go to your Sporcle Settings to finish the process.

Report this User

Report this user for behavior that violates our Community Guidelines.

Details: